| 000 | 01349cam a22003614a 4500 | ||
|---|---|---|---|
| 001 | 15652286 | ||
| 005 | 20221031160425.0 | ||
| 008 | 090309s2011 enka b 001 0 eng | ||
| 010 | _a 2009010037 | ||
| 020 | _a9780415498470 (cloth : alk. paper) | ||
| 020 | _a0415498473 (hardback) | ||
| 020 | _a9780415498487 (limp : alk. paper) | ||
| 020 | _a0415498481 (pbk.) | ||
| 020 | _a9780203870969 (ebook) | ||
| 020 | _a0203870964 (ebook) | ||
| 040 |
_aDLC _cDLC _dDLC |
||
| 041 | 1 |
_aeng _hijn |
|
| 043 | _aa-ja--- | ||
| 050 | 0 | 0 |
_aDS889.5 _b.S463 2011 |
| 082 | 0 | 0 |
_a327.52 _bDIP |
| 130 | 0 |
_aSengo Nihon gaikÅshi. _lEnglish _9102059 |
|
| 245 | 1 | 4 |
_aThe diplomatic history of postwar Japan / _cedited by Makoto Iokibe ; translated and annotated by Robert D. Eldridge. |
| 260 |
_aLondon ; _aNew York : _bRoutledge, _cc2011. |
||
| 300 |
_axiii, 246 p. : _bill. ; _c23 cm. |
||
| 504 | _aIncludes bibliographical references and index. | ||
| 651 | 0 |
_aJapan _xForeign relations _y1945-1989. _9102060 |
|
| 651 | 0 |
_aJapan _xForeign relations _y1989- _9102026 |
|
| 700 | 1 |
_aIokibe, Makoto, _d1943- _9102061 |
|
| 700 | 1 |
_aEldridge, Robert D. _9102062 |
|
| 906 |
_a7 _bcbc _corignew _d1 _eecip _f20 _gy-gencatlg |
||
| 942 |
_2ddc _cBK |
||
| 999 |
_c592172 _d592172 |
||